000 01741nam a2200313 a 4500
001 BRCA_5140
005 20190320204945.0
008 221110s1861----mx-######v---#000-0#spa-#
041 _aspa
044 _amx
084 _aDOC132
_b.M37
_c1861
100 1 _aMárquez, Leonardo
_d1820-1913
_910652
245 1 0 _aDocumento firmado por Don Leonardo Márquez
_cLeonardo Márquez ; Ignacio Butrón.
260 _aMéxico
_c1861
300 _a[3] fojas
_c23 x 17 cm.
500 _aDocumento firmado en Ilmiquiluca el 24 de junio de 1861.
500 _aDocumento en el cuál Leonardo Márquez escribe al dueño, administrador o encargado de la Hacienda o del Mayorazgo, comunicándole la urgencia de que sitúe
_6,000 en dicha plaza por orden del señor Presidente Interino [Félix Zuloaga] con el carácter de devolución para los gastos necesarios.
500 _aContiene anexo de recibo de dicha cantidad firmado por Ignacio Butrón y cuya medida es de 11 x 17 cm.
500 _aAl margen dos sellos, el primero con el escudo nacional e inscripción: ´EJERCITO NACIONAL. BRIGADA BUTRÓN´ y el segundo con la inscripción: ´SECCIÓN DE REGISTRO DE CREDITOS. PRESENTADO PARA LOS EFECTOS DEL DECRETO DE 22 DE SEPTIEMBRE DE 1861´.
500 _aEl documento contiene la leyenda DOC. #300.
506 0 _aFondo Reservado. Para su consulta es necesario credencial de usuario y carta de motivos.
546 _aTexto en: español de mediados del siglo XIX.
600 1 4 _aMárquez, Leonardo
_d1820-1913
_xHistoria
_913130
650 1 4 _aDocumentos legales
_vManuscritos
_xHistoria
_912814
651 4 _aMéxico
_xHistoria
_yConstitución y reforma, 1855-1863
_913131
700 1 _aButrón, Ignacio
_913132
902 _aFDH
942 _2lcc
_cD
999 _c4834
_d4834